Modern Japanese prints : An art reborn
This book is not only an excellent introduction, well illustrated to modern Japanese prints, it is also a loving record of the artists who have created this beauty... At least a dozen of the living men discussed are very wonderful artists in the full world-stream of art.
Đã lưu trong:
| 主要作者: | |
|---|---|
| 格式: | 圖書 |
| 語言: | Undetermined |
| 出版: |
Tokyo
Charles E. Tuttle
1967
|
| 主題: | |
| 標簽: |
添加標簽
沒有標簽, 成為第一個標記此記錄!
|
| Thư viện lưu trữ: | Trung tâm Học liệu Trường Đại học Cần Thơ |
|---|
| LEADER | 00841nam a2200217Ia 4500 | ||
|---|---|---|---|
| 001 | CTU_108198 | ||
| 008 | 210402s9999 xx 000 0 und d | ||
| 082 | |a 761.283 | ||
| 082 | |b S797 | ||
| 100 | |a Statler, Oliver | ||
| 245 | 0 | |a Modern Japanese prints : | |
| 245 | 3 | |b An art reborn | |
| 245 | 0 | |c Oliver Statler, James A. Michener | |
| 260 | |a Tokyo | ||
| 260 | |b Charles E. Tuttle | ||
| 260 | |c 1967 | ||
| 520 | |a This book is not only an excellent introduction, well illustrated to modern Japanese prints, it is also a loving record of the artists who have created this beauty... At least a dozen of the living men discussed are very wonderful artists in the full world-stream of art. | ||
| 650 | |a Color prints,Artist | ||
| 650 | |x Japanese | ||
| 904 | |i Hạ Nguyên | ||
| 980 | |a Trung tâm Học liệu Trường Đại học Cần Thơ | ||